=LDR 00000nam 2200000 4500 =001 INLIS000000000039040 =005 20130612144709 =008 ***********************************ind** =035 ##$$a0010-061300000039040 =041 ##$$a ind =082 ##$$a 641.5 =090 ##$$a 641.5, Sug r =100 ##$$a SUGINTI, Anti Aprilyanti =245 ##$$a Resep gampang kue kering murah meriah, Anti aprilyanti suganti;Penyunting, Harry freitag Lm =260 ##$$a 2010 $b Yogyakarta =300 ##$$a 55 Hlm, Ilus, 21 cm =650 ##$$a RESEP KUE =700 ##$$a FREITAG Lm, Harry =850 ##$$a NBPNMAT =990 ##$$a 21400613/BPAP-NTB/20142014 =990 ##$$a 21400613/BPAP-NTB/20142014 =990 ##$$a 21400613/BPAP-NTB/20142014 =990 ##$$a 21400613/BPAP-NTB/20142014